000 00269nam a2200109Ia 4500
005 20251222114341.0
008 251222s1900||||xx |||||||||||||| ||spa||
082 _aDVD0097/W46/1999
245 0 _aBuena Vista Social Club
264 _bRoad Movies Filmproduktion
942 _cDVD
999 _c859
_d859